000 00289nam a22001337a 4500
008 260424b ||||| |||| 00| 0 eng d
020 _a9780340682876
041 _aeng
080 _a01.1
100 _a20
101 _aFantazi
245 _aSnatchers
_cHelen Cresswell
942 _2udc
_cBK
999 _c60989
_d60989